Buyer behavior: theoretical and empirical foundations

Saved in:
Bibliographic Details
Main Authors: Howard, John A (Author), Ostlund, Lyman E (Author)
Format: Book
Language:English
Published: Nueva York Alfred A. Knopf 1973
Subjects:
Tags: Add Tag
No Tags, Be the first to tag this record!

MARC

LEADER 00000nam a2200000 a 4500
001 UCR9532
003 CL-VaPUC
008 980613e19730000US |||||||||||||||||eng|d
082 0 4 |a 658.834  |b HOW  |2 21 
100 |a Howard, John A  |e author  |9 590288 
700 0 |a Ostlund, Lyman E  |e author  |9 412158 
245 1 0 |a Buyer behavior: theoretical and empirical foundations 
300 |a 580 p 
942 |c BK 
945 |d 19980613 00:00:00  |a cmena 
260 |a Nueva York  |b Alfred A. Knopf  |c 1973 
650 0 |a Consumo  |9 333893 
650 7 |a COMPRA  |2 CL-VaPUC  |9 369023 
650 0 |a Consumidores  |9 315658 
650 0 |a Comercialización   |9 259326 
650 0 |a Psicología aplicada   |9 270762 
650 0 |a Comportamiento   |9 308406 
583 |a last modification  |c 19980613 00:00:00  |k Rodrigo Vera 
999 |c 270721  |d 270719 
952 |0 0  |1 0  |4 0  |6 658_834000000000000_HOW_1973  |7 0  |8 A  |9 305114  |a BIBGIM  |b BIBGIM  |d 2019-11-20  |i 1415670  |o 658.834 HOW 1973  |p 1415670  |r 2025-01-15  |w 2019-11-20  |y BK  |k COM